| 000 | 00735cam a2200229 4500 | ||
|---|---|---|---|
| 999 |
_c17904 _d17904 |
||
| 001 | 4614964 | ||
| 003 | OSt | ||
| 005 | 20161130085513.0 | ||
| 008 | 710223s1970 nhua 001 0 eng | ||
| 010 | _a 77135052 | ||
| 040 |
_aDLC _cDLC _dDLC |
||
| 050 | 0 | 0 |
_aN6350 _b.S6 |
| 082 | 0 | 0 | _a709.04 |
| 100 | 1 |
_aSolomon, Frederick, _d1899- |
|
| 245 | 1 | 0 | _aCritique of modern art. |
| 260 |
_a[Nashua, N.H.] _bNathaniel Hawthorne College Press _c[1970] |
||
| 300 |
_a222 p. _billus. (part col.) _c24 cm. |
||
| 650 | 0 | _aArt, Modern. | |
| 906 |
_a7 _bcbc _corignew _d4 _encip _f19 _gy-gencatlg |
||
| 942 |
_2lcc _cBOOKS _hN 6350 .S6 1970 |
||